| 000 | 02025nam a2200481Ii 4500 | ||
|---|---|---|---|
| 001 | DIGUCOCOL0015 | ||
| 003 | NyNyDIG | ||
| 008 | 230610s2019 ck a ob 000 0 spa d | ||
| 006 | m o d | ||
| 007 | cr ||||||||||| | ||
| 035 | _a(OCoLC)1385178803 | ||
| 040 |
_aDGITA _beng _erda _epn _cDGITA |
||
| 020 |
_a9789587601954 _qpdf |
||
| 020 |
_a9789587601961 _qePub |
||
| 020 |
_z9789587601947 _qimpreso |
||
| 041 | 0 |
_aspa _bspa _beng |
|
| 043 | _as-ck--- | ||
| 050 | 1 | 4 | _aJZ5584.C7 ebook |
| 082 | 0 | 4 |
_a303.66 _223 |
| 100 | 1 |
_aHernández Arteaga, Isabel, _eauthor. |
|
| 245 | 1 | 0 |
_aCultura de paz : _bconcepciones, percepciones y compromisos = Culture of peace : conceptions, perceptions and commitments / _cIsabel Hernández Arteaga [and 4 others]. |
| 246 | 1 |
_iEnglish title on cover: _aCulture of peace : _bconceptions, perceptions and commitments |
|
| 264 | 1 |
_aBogotá : _bEdiciones Universidad Cooperativa de Colombia, _c[2019] |
|
| 300 |
_a1 online resource : _billustrations. |
||
| 336 |
_atext _btxt _2rdacontent |
||
| 337 |
_acomputer _bc _2rdamedia |
||
| 338 |
_aonline resource _bcr _2rdacarrier |
||
| 347 |
_atext file _2rdaft |
||
| 347 | _bPDF | ||
| 490 | 1 | _aInvestigación en educación | |
| 504 | _aIncludes bibliographical references. | ||
| 546 | _aText in Spanish with abstract in Spanish and English. | ||
| 588 | 0 | _aOnline resource; title from PDF title page (Digitalia, viewed June 10, 2023) | |
| 650 | 0 |
_aPeace-building _zColombia. |
|
| 650 | 0 |
_aPeace-building _xStudy and teaching _zColombia. |
|
| 776 | 0 | 8 |
_iPrint version: _aHernández Arteaga, Isabel. _tCultura de paz. _dBogotá : Ediciones Universidad Cooperativa de Colombia, [2019] _z9789587601947 |
| 791 | 2 |
_aDigitalia (Firm), _edistributor. |
|
| 793 | 0 |
_gDigitalia eBook Collection: _aEdiciones Universidad Cooperativa de Colombia |
|
| 830 | 0 | _aColección Investigación en educación. | |
| 856 | 4 | 0 |
_3Digitalia Hispánica _uhttps://www.digitaliapublishing.com/a/127072/ |
| 910 | _aPremium collection: 2023 | ||
| 942 | _cRAA | ||
| 999 |
_c278332 _d278332 |
||